[Event "4NCL/Div3/WES2 vs. CHEDP"]
[Site "Sunningdale ENG"]
[Date "2006.09.16"]
[Round "1.4"]
[White "Bennett, Patrick"]
[Black "Taylor, Phil"]
[Result "1-0"]
[WhiteElo "2128"]
[BlackElo "2082"]
[PlyCount "135"]
[EventDate "2006.09.16"]
[EventType "team"]
[EventRounds "11"]
[EventCountry "ENG"]
[WhiteTeam "Cheddleton"]
[BlackTeam "Wessex 2"]

1. d4 d5 2. c4 dxc4 3. Nf3 Nf6 4. e3 e6 5. Bxc4 a6 6. Bb3 c5 7. O-O cxd4 8.
exd4 Be7 9. Nc3 O-O 10. Bg5 b5 11. Ne5 Bb7 12. a3 Nc6 13. Nxc6 Bxc6 14. Re1 Qd7
15. Qd3 Rfd8 16. Rad1 Nd5 17. Ne4 Nf6 18. Nxf6+ Bxf6 19. Bxf6 gxf6 20. Bc2 f5
21. Qg3+ Kf8 22. Qg5 Qd5 23. Re3 f4 24. Re5 Qa2 25. Bxh7 Rxd4 26. Qh6+ Ke7 27.
Rxe6+ Qxe6 28. Qxe6+ fxe6 29. Rxd4 e5 30. Rd1 a5 31. f3 b4 32. Rc1 Ra6 33. Bf5
bxa3 34. bxa3 Kd6 35. h4 Ra7 36. h5 Rf7 37. Bg6 Rg7 38. Kh2 Bd5 39. Kh3 Bf7 40.
Bxf7 Rxf7 41. Kh4 Rg7 42. h6 Rxg2 43. Rh1 Rg8 44. h7 Rh8 45. Kg5 e4 46. Kxf4
exf3 47. Kxf3 Ke5 48. Ke3 a4 49. Kd3 Kf6 50. Kc4 Kg7 51. Kb4 Rb8+ 52. Kxa4 Kh8
53. Ka5 Ra8+ 54. Kb4 Rb8+ 55. Kc3 Rc8+ 56. Kb2 Rb8+ 57. Ka2 Ra8 58. Rh4 Rf8 59.
a4 Rf2+ 60. Kb3 Rf1 61. a5 Rb1+ 62. Kc4 Rc1+ 63. Kb5 Rb1+ 64. Ka6 Rf1 65. Rh6
Ra1 66. Kb6 Rb1+ 67. Ka7 Rb2 68. a6 1-0

[Event "4NCL/Div3/WES2 vs. CHEDP"]
[Site "Sunningdale ENG"]
[Date "2006.09.16"]
[Round "1.5"]
[White "Pleasants, Allan J"]
[Black "Hamblin, David J"]
[Result "1/2-1/2"]
[WhiteElo "2130"]
[BlackElo "2070"]
[PlyCount "36"]
[EventDate "2006.09.16"]
[EventType "team"]
[EventRounds "11"]
[EventCountry "ENG"]
[WhiteTeam "Wessex 2"]
[BlackTeam "Cheddleton"]

1. e4 c5 2. Nf3 d6 3. d4 cxd4 4. Nxd4 Nf6 5. Nc3 g6 6. Be2 Bg7 7. O-O O-O 8.
Be3 Nc6 9. Qd2 Be6 10. Nxe6 fxe6 11. Rad1 Qc8 12. f3 Rd8 13. Bh6 d5 14. Qg5 d4
15. Nb5 a6 16. Bxg7 Kxg7 17. Na3 e5 18. Bd3 b5 1/2-1/2

[Event "4NCL/Div3/WES2 vs. CHEDP"]
[Site "Sunningdale ENG"]
[Date "2006.09.16"]
[Round "1.6"]
[White "Edwards, Simon"]
[Black "Marsh, Roger"]
[Result "0-1"]
[WhiteElo "2037"]
[BlackElo "2054"]
[PlyCount "82"]
[EventDate "2006.09.16"]
[EventType "team"]
[EventRounds "11"]
[EventCountry "ENG"]
[WhiteTeam "Cheddleton"]
[BlackTeam "Wessex 2"]

1. d4 d5 2. Nf3 c6 3. Bf4 Nf6 4. Nbd2 Nbd7 5. e3 g6 6. Bd3 Bg7 7. h4 Nf8 8. Ne5
Nh5 9. Bh2 f6 10. Nxg6 hxg6 11. g4 Bxg4 12. Qxg4 f5 13. Qg2 e6 14. Nf3 Qf6 15.
Be5 Qe7 16. O-O-O O-O-O 17. Qg5 Bf6 18. Bxf6 Nxf6 19. Ne5 Rh5 20. Qg1 Qh7 21.
Nf3 N8d7 22. Be2 Rh6 23. Ng5 Qe7 24. Qe1 Rdh8 25. Qa5 Rxh4 26. Rxh4 Rxh4 27.
Qxa7 Rh2 28. Rf1 Ng4 29. Bxg4 Qxg5 30. Bf3 Qh4 31. Qa8+ Nb8 32. b3 g5 33. Qa3
g4 34. Qf8+ Kc7 35. Qf7+ Nd7 36. Bd1 Rxf2 37. Rxf2 Qxf2 38. Qxe6 g3 39. Bh5 g2
40. Be8 g1=Q+ 41. Kb2 Qg7 0-1

[Event "4NCL/Div3/WES2 vs. CHEDP"]
[Site "Sunningdale ENG"]
[Date "2006.09.16"]
[Round "1.7"]
[White "Gregory, Keith D"]
[Black "Edwards, Roger J"]
[Result "1/2-1/2"]
[WhiteElo "2069"]
[BlackElo "1975"]
[PlyCount "58"]
[EventDate "2006.09.16"]
[EventType "team"]
[EventRounds "11"]
[EventCountry "ENG"]
[WhiteTeam "Wessex 2"]
[BlackTeam "Cheddleton"]

1. Nf3 d6 2. g3 e5 3. d3 f5 4. Bg2 Nf6 5. O-O Be7 6. c4 O-O 7. Nc3 c6 8. Rb1 a5
9. a3 Qe8 10. Ne1 Nbd7 11. Nc2 Qg6 12. b4 axb4 13. axb4 Nh5 14. b5 cxb5 15.
Rxb5 Nc5 16. d4 exd4 17. Nxd4 f4 18. Nd5 Bd8 19. Nb6 Bxb6 20. Rxb6 Ra6 21. Rb4
Ra1 22. Nc2 Ra2 23. Nd4 Ra1 24. Nc2 Ra2 25. Rb2 Rxb2 26. Bxb2 fxg3 27. hxg3 Re8
28. Nd4 Nf4 29. Qb1 Qxb1 1/2-1/2

[Event "4NCL/Div3/FCA1 vs. KHE"]
[Site "Sunningdale ENG"]
[Date "2006.09.16"]
[Round "1.1"]
[White "Hetey, Laszlo"]
[Black "McMichael, Richard"]
[Result "1-0"]
[WhiteElo "2331"]
[BlackElo "2267"]
[PlyCount "37"]
[EventDate "2006.09.16"]
[EventType "team"]
[EventRounds "11"]
[EventCountry "ENG"]
[WhiteTeam "FCA Solutions 1"]
[BlackTeam "Kings Head"]

1. d4 e6 2. c4 f5 3. Nc3 Nf6 4. e3 b6 5. a3 Bb7 6. d5 Na6 7. g3 Nc5 8. Bg2 a5
9. b3 g6 10. Nge2 Bg7 11. Rb1 O-O 12. O-O Qe8 13. b4 axb4 14. axb4 Nce4 15. b5
Qb8 16. f3 Ng5 17. e4 fxe4 18. Bxg5 exd5 19. cxd5 1-0

[Event "4NCL/Div3/FCA1 vs. KHE"]
[Site "Sunningdale ENG"]
[Date "2006.09.16"]
[Round "1.2"]
[White "Thomas, Richard H"]
[Black "Tipplestone, Charles"]
[Result "1/2-1/2"]
[WhiteElo "2190"]
[BlackElo "2203"]
[PlyCount "108"]
[EventDate "2006.09.16"]
[EventType "team"]
[EventRounds "11"]
[EventCountry "ENG"]
[WhiteTeam "Kings Head"]
[BlackTeam "FCA Solutions 1"]

1. d4 d5 2. Nf3 Nf6 3. c4 c6 4. Nc3 a6 5. c5 Nbd7 6. Bf4 Nh5 7. e3 Nxf4 8. exf4
g6 9. Bd3 Bh6 10. g3 O-O 11. O-O Re8 12. Re1 Bg7 13. Na4 f6 14. f5 gxf5 15.
Bxf5 Nf8 16. Nh4 e6 17. Bc2 Rb8 18. Nb6 Re7 19. f4 f5 20. Nf3 Bd7 21. Qd2 Be8
22. Re3 Bh5 23. Ne5 Bxe5 24. Rxe5 Bf3 25. Re3 Be4 26. Bd1 Nd7 27. Nxd7 Rxd7 28.
b4 Qf6 29. a4 Rdd8 30. Rb3 Ra8 31. Raa3 Qf8 32. Be2 Ra7 33. Qb2 Rda8 34. Ra1
Qg7 35. Rba3 Qf6 36. Kf2 Qh6 37. h4 Qf6 38. Rg1 Kh8 39. Raa1 Kg7 40. Ke3 Kf7
41. h5 Kg7 42. Qc3 Kh6 43. Qb2 Qg7 44. Qc3 Rb8 45. a5 Raa8 46. Raf1 Qf6 47. Kd2
Rg8 48. Qe3 Kg7 49. Ke1 Kf7 50. Kd2 Ke7 51. Rc1 Rg7 52. Kc3 Kd7 53. Rcd1 Kc7
54. Rc1 Kd7 1/2-1/2

[Event "4NCL/Div3/FCA1 vs. KHE"]
[Site "Sunningdale ENG"]
[Date "2006.09.16"]
[Round "1.3"]
[White "Macdonald-Ross, Michael"]
[Black "Kwiatkowski, Feliks J"]
[Result "0-1"]
[WhiteElo "2160"]
[BlackElo "2226"]
[PlyCount "42"]
[EventDate "2006.09.16"]
[EventType "team"]
[EventRounds "11"]
[EventCountry "ENG"]
[WhiteTeam "FCA Solutions 1"]
[BlackTeam "Kings Head"]

1. d4 Nf6 2. Nf3 e6 3. e3 b6 4. Bd3 Bb7 5. O-O c5 6. c4 Be7 7. Nc3 cxd4 8. exd4
d5 9. cxd5 Nxd5 10. Ne5 O-O 11. Qh5 Nf6 12. Qh3 Qxd4 13. Re1 Nc6 14. Nb5 Qd8
15. Ng4 g6 16. Nh6+ Kg7 17. Bd2 a6 18. Nc3 Nb4 19. Re3 Nc2 20. Bxc2 Qxd2 21.
Bb3 Bc5 0-1

[Event "4NCL/Div3/FCA1 vs. KHE"]
[Site "Sunningdale ENG"]
[Date "2006.09.16"]
[Round "1.4"]
[White "Sandu, Mihaela"]
[Black "Constantinou, Peter"]
[Result "0-1"]
[WhiteElo "2213"]
[BlackElo "2148"]
[PlyCount "72"]
[EventDate "2006.09.16"]
[EventType "team"]
[EventRounds "11"]
[EventCountry "ENG"]
[WhiteTeam "Kings Head"]
[BlackTeam "FCA Solutions 1"]

1. e4 d5 2. exd5 Qxd5 3. Nc3 Qd6 4. d4 Nf6 5. Nf3 a6 6. g3 b5 7. Bg2 Bb7 8. O-O
e6 9. Re1 Be7 10. Bf4 Qb6 11. a4 Nd5 12. a5 Qa7 13. Qd3 Nd7 14. Ne4 O-O 15. c3
Nxf4 16. gxf4 g6 17. Ne5 Rad8 18. Qh3 c5 19. Ng4 cxd4 20. Ng5 Bxg5 21. fxg5
Bxg2 22. Kxg2 f5 23. Nh6+ Kg7 24. Rxe6 Nc5 25. Re5 Ne4 26. cxd4 Nxg5 27. Qg3
Qb7+ 28. Kf1 Kxh6 29. Qh4+ Kg7 30. Qxg5 Qh1+ 31. Qg1 Qc6 32. Rae1 Rxd4 33. Re7+
Kg8 34. Qg3 Qc4+ 35. R1e2 f4 36. Qh4 Rd1+ 0-1

[Event "4NCL/Div3/FCA1 vs. KHE"]
[Site "Sunningdale ENG"]
[Date "2006.09.16"]
[Round "1.5"]
[White "Smith, Graham"]
[Black "O'Shaughnessy, Conor"]
[Result "0-1"]
[WhiteElo "2128"]
[BlackElo "2195"]
[PlyCount "72"]
[EventDate "2006.09.16"]
[EventType "team"]
[EventRounds "11"]
[EventCountry "ENG"]
[WhiteTeam "FCA Solutions 1"]
[BlackTeam "Kings Head"]

1. e4 c5 2. Nf3 d6 3. Nc3 Nf6 4. e5 dxe5 5. Nxe5 a6 6. Bc4 e6 7. a4 Nbd7 8. Nf3
Be7 9. O-O O-O 10. d4 cxd4 11. Qxd4 Nb6 12. Be2 Qxd4 13. Nxd4 Nfd5 14. Nxd5
Nxd5 15. c4 Nb4 16. Bd2 Rd8 17. Bc3 e5 18. Nb3 f6 19. c5 Nc6 20. Bc4+ Kf8 21.
f4 exf4 22. Rxf4 Bd7 23. Kf1 Be8 24. Na5 Rab8 25. Nxc6 Bxc6 26. Ba5 Rdc8 27. b4
Bd8 28. Be6 Bxa5 29. Bxc8 Bc7 30. Rh4 Rxc8 31. Rxh7 Kf7 32. a5 Rd8 33. g3 Rd2
34. Ke1 Rb2 35. Rh4 Be5 36. Rd1 Bc3+ 0-1

[Event "4NCL/Div3/FCA1 vs. KHE"]
[Site "Sunningdale ENG"]
[Date "2006.09.16"]
[Round "1.6"]
[White "Krzywda, Andrzej"]
[Black "Reuben, Stewart"]
[Result "1-0"]
[WhiteElo "2164"]
[BlackElo "2127"]
[PlyCount "67"]
[EventDate "2006.09.16"]
[EventType "team"]
[EventRounds "11"]
[EventCountry "ENG"]
[WhiteTeam "Kings Head"]
[BlackTeam "FCA Solutions 1"]

1. d4 Nf6 2. c4 e6 3. Nf3 c5 4. d5 b5 5. Bg5 exd5 6. cxd5 d6 7. e4 a6 8. a4 b4
9. Nbd2 Be7 10. Be2 O-O 11. Bf4 a5 12. O-O Ba6 13. Re1 Nbd7 14. Bxa6 Rxa6 15.
Nc4 Nb6 16. Qd3 Nxc4 17. Qxc4 Rb6 18. e5 Nd7 19. e6 fxe6 20. Rxe6 Rf7 21. Rae1
Nf8 22. R6e4 b3 23. Bd2 Rb7 24. Qa6 Bf6 25. Re8 Qd7 26. Bc1 Qc7 27. Bf4 Qb6 28.
Qa8 Bxb2 29. Bd2 Ra7 30. Qc8 Rac7 31. Qe6 Be5 32. Nxe5 b2 33. Rxf8+ Kxf8 34.
Ng6+ 1-0

[Event "4NCL/Div3/FCA1 vs. KHE"]
[Site "Sunningdale ENG"]
[Date "2006.09.16"]
[Round "1.7"]
[White "Freeman, Richard C P"]
[Black "Okike, David C"]
[Result "1-0"]
[WhiteElo "2097"]
[BlackElo "2178"]
[PlyCount "79"]
[EventDate "2006.09.16"]
[EventType "team"]
[EventRounds "11"]
[EventCountry "ENG"]
[WhiteTeam "FCA Solutions 1"]
[BlackTeam "Kings Head"]

1. e4 e6 2. d4 d5 3. e5 c5 4. f4 Nc6 5. Nf3 Qb6 6. Bd3 Bd7 7. O-O Nxd4 8. Nxd4
cxd4 9. a3 Ne7 10. b4 a5 11. bxa5 Qxa5 12. Bd2 Qb6 13. Bb4 Bb5 14. Rf3 Bxd3 15.
Rxd3 g5 16. fxg5 Bg7 17. Bxe7 Kxe7 18. Nd2 Bxe5 19. Nf3 Bg7 20. Rb1 Qa7 21. Qe1
Rac8 22. Rb5 Rc3 23. Qb1 Rb8 24. Qb4+ Kd7 25. Ra5 Qxa5 26. Qxa5 Rxc2 27. Qa4+
Rc6 28. Nxd4 Bxd4+ 29. Qxd4 Rg8 30. h4 Rc1+ 31. Kh2 Rgc8 32. Qf6 R8c7 33. Qxf7+
Kd6 34. Qf8+ Kd7 35. Rf3 R7c4 36. Rf7+ Kc6 37. Qc8+ Kd6 38. Qb8+ Kc5 39. Rxh7
d4 40. Rd7 1-0

[Event "4NCL/Div3/FCA1 vs. KHE"]
[Site "Sunningdale ENG"]
[Date "2006.09.16"]
[Round "1.8"]
[White "Ward, Julian T"]
[Black "Stenning, Marissa"]
[Result "1-0"]
[WhiteElo "2200"]
[BlackElo "1815"]
[PlyCount "67"]
[EventDate "2006.09.16"]
[EventType "team"]
[EventRounds "11"]
[EventCountry "ENG"]
[WhiteTeam "Kings Head"]
[BlackTeam "FCA Solutions 1"]

1. Nf3 d5 2. c4 Nf6 3. d4 e6 4. g3 Be7 5. Bg2 Nbd7 6. b3 O-O 7. O-O c5 8. cxd5
Nxd5 9. Bb2 b6 10. e4 N5f6 11. d5 exd5 12. e5 Ne8 13. Qxd5 Nc7 14. Qe4 Rb8 15.
Rd1 Ne6 16. Na3 a6 17. Nc4 b5 18. Ne3 Bb7 19. Qg4 Qc8 20. Nf5 Re8 21. Nxg7 Nxg7
22. Qxd7 Qxd7 23. Rxd7 Ne6 24. Ne1 Bxg2 25. Kxg2 Bf8 26. f4 Rbc8 27. Nf3 c4 28.
bxc4 Rxc4 29. f5 Ng7 30. e6 f6 31. Nd4 Be7 32. g4 Rcc8 33. Rc1 Kf8 34. Rc6 1-0

[Event "4NCL/Div3/SWD2 vs. BRJ"]
[Site "Sunningdale ENG"]
[Date "2006.09.16"]
[Round "1.1"]
[White "Spice, Alan"]
[Black "Richmond, Peter A"]
[Result "0-1"]
[WhiteElo "2205"]
[BlackElo "2248"]
[PlyCount "66"]
[EventDate "2006.09.16"]
[EventType "team"]
[EventRounds "11"]
[EventCountry "ENG"]
[WhiteTeam "S W Dragons 2"]
[BlackTeam "Brown Jack"]

1. Nc3 c5 2. Nf3 Nf6 3. e4 e6 4. e5 Nd5 5. Ne4 f5 6. exf6 Nxf6 7. Nxf6+ Qxf6 8.
d4 cxd4 9. Qxd4 Nc6 10. Qa4 Bb4+ 11. Nd2 O-O 12. f3 Qh4+ 13. Kd1 Qf2 14. c3 Be7
15. Qg4 d5 16. Qg3 Qb6 17. Nb3 e5 18. Bd3 Be6 19. Bg5 Bxg5 20. Qxg5 e4 21. Bc2
Rf6 22. Re1 Rd8 23. Kc1 Rg6 24. Qd2 d4 25. Rxe4 dxc3 26. Qxc3 Qg1+ 27. Qe1
Qxe1+ 28. Rxe1 Rxg2 29. h4 Nb4 30. Be4 Bd5 31. Rd1 Rc8+ 32. Kb1 Bxe4+ 33. fxe4
Rcc2 0-1

[Event "4NCL/Div3/SWD2 vs. BRJ"]
[Site "Sunningdale ENG"]
[Date "2006.09.16"]
[Round "1.2"]
[White "Haydon, Richard"]
[Black "Morris, Charles F"]
[Result "1-0"]
[WhiteElo "2195"]
[BlackElo "2214"]
[PlyCount "105"]
[EventDate "2006.09.16"]
[EventType "team"]
[EventRounds "11"]
[EventCountry "ENG"]
[WhiteTeam "Brown Jack"]
[BlackTeam "S W Dragons 2"]

1. Nf3 d5 2. g3 g6 3. Bg2 Bg7 4. d3 e5 5. O-O Ne7 6. Nc3 f5 7. e4 fxe4 8. dxe4
d4 9. Nb1 O-O 10. c3 c5 11. cxd4 cxd4 12. Qb3+ Kh8 13. Ng5 Qe8 14. Ne6 Bxe6 15.
Qxe6 Nec6 16. Qg4 Qd7 17. Qd1 Na6 18. Nc3 Nc5 19. Nd5 Ne7 20. Nxe7 Qxe7 21. b4
Nd7 22. Qb3 b5 23. a4 a6 24. axb5 axb5 25. Rxa8 Rxa8 26. Qd5 Rb8 27. Bd2 Nf6
28. Qc6 Qe8 29. Rc1 Qxc6 30. Rxc6 Nd7 31. Bf1 Bf8 32. Bd3 Kg8 33. Kf1 Rb7 34.
Ke2 Kf7 35. Bc2 Nb8 36. Bb3+ Kg7 37. Re6 Nd7 38. Bd5 Rb6 39. Re8 Nf6 40. Rxe5
Rd6 41. f3 Nxd5 42. Rxd5 Rxd5 43. exd5 Kf6 44. f4 Ke7 45. Kd3 Bg7 46. g4 Bf6
47. Ke4 Kd6 48. Be1 d3 49. Bd2 Bd8 50. Bc3 Be7 51. f5 Bf6 52. Bd2 Bd8 53. Bf4+
1-0

[Event "4NCL/Div3/SWD2 vs. BRJ"]
[Site "Sunningdale ENG"]
[Date "2006.09.16"]
[Round "1.4"]
[White "Richmond, Jane"]
[Black "Roberts, David L"]
[Result "1/2-1/2"]
[WhiteElo "2163"]
[BlackElo "2126"]
[PlyCount "112"]
[EventDate "2006.09.16"]
[EventType "team"]
[EventRounds "11"]
[EventCountry "ENG"]
[WhiteTeam "Brown Jack"]
[BlackTeam "S W Dragons 2"]

1. d4 Nf6 2. Nc3 d5 3. Bg5 Nbd7 4. e3 e6 5. Nf3 Be7 6. Be2 O-O 7. O-O c5 8. Qc1
b6 9. Nd2 e5 10. Bxf6 Bxf6 11. Nxd5 exd4 12. exd4 Bxd4 13. c3 Be5 14. f4 Bc7
15. Bf3 Rb8 16. Ne4 Bb7 17. Nxc7 Qxc7 18. g3 Rfe8 19. Qc2 Nf8 20. Rad1 Ba6 21.
Rfe1 Red8 22. Ng5 Bb7 23. Bxb7 Qxb7 24. Kf2 h6 25. Nf3 Nh7 26. Ne5 Nf6 27. Qb3
Rbc8 28. Qc2 b5 29. Qf5 c4 30. Nf3 a6 31. h3 Re8 32. Ne5 Rcd8 33. Rd4 Rxd4 34.
cxd4 Qd5 35. Rd1 Ne4+ 36. Ke3 Nd6 37. Qd7 f6 38. Rd2 fxe5 39. dxe5 Qe4+ 40. Kf2
Rf8 41. Qxd6 Qh1 42. Qe6+ Kh8 43. Qd6 Re8 44. Qd7 Rg8 45. h4 Qh2+ 46. Kf3 Qh1+
47. Rg2 Qf1+ 48. Rf2 Qh1+ 49. Kg4 Qe4 50. Qd6 g6 51. Qf6+ Kh7 52. Rd2 Rg7 53.
e6 h5+ 54. Kh3 Qh1+ 55. Rh2 Qf1+ 56. Rg2 Qh1+ 1/2-1/2

[Event "4NCL/Div3/SWD2 vs. BRJ"]
[Site "Sunningdale ENG"]
[Date "2006.09.16"]
[Round "1.5"]
[White "Brown, Alan M"]
[Black "Rabbitt, Michael"]
[Result "0-1"]
[WhiteElo "2118"]
[BlackElo "2165"]
[PlyCount "108"]
[EventDate "2006.09.16"]
[EventType "team"]
[EventRounds "11"]
[EventCountry "ENG"]
[WhiteTeam "S W Dragons 2"]
[BlackTeam "Brown Jack"]

1. d4 Nf6 2. c4 e6 3. Nc3 Bb4 4. Qc2 d5 5. a3 Bxc3+ 6. Qxc3 Ne4 7. Qc2 b6 8.
Nf3 Bb7 9. e3 Nd7 10. Bd3 c5 11. O-O O-O 12. b4 Qe7 13. Bb2 Rfc8 14. dxc5 bxc5
15. b5 Nef6 16. Nd2 Qd6 17. h3 Ne5 18. Be2 Rd8 19. Rfd1 Rac8 20. f4 Ned7 21.
Bf3 Qe7 22. a4 Nf8 23. Ba3 Ng6 24. g3 e5 25. Re1 Qd7 26. Bg2 exf4 27. exf4 d4
28. Bxb7 Qxb7 29. Qd3 Re8 30. Nb3 Ne4 31. Nxc5 Nxc5 32. Rxe8+ Rxe8 33. Bxc5 Re3
34. Qf1 Rxg3+ 35. Kh2 Rf3 36. Re1 h6 37. Re8+ Kh7 38. Qe1 Rxf4 39. Bd6 Rf6 40.
Bg3 d3 41. c5 Qd5 42. c6 d2 43. Qd1 Rf1 44. Qxf1 d1=Q 45. Qxd1 Qxd1 46. c7 Qc2+
47. Kh1 Nh4 48. Bxh4 Qxc7 49. Re7 Qc4 50. Bf2 Qxa4 51. Rxf7 Qxb5 52. Rxa7 Qf1+
53. Bg1 Qxh3+ 54. Bh2 Qf3+ 0-1

[Event "4NCL/Div3/SWD2 vs. BRJ"]
[Site "Sunningdale ENG"]
[Date "2006.09.16"]
[Round "1.6"]
[White "Hall, Daniel J"]
[Black "Thornton, John"]
[Result "0-1"]
[WhiteElo "2069"]
[BlackElo "2142"]
[PlyCount "52"]
[EventDate "2006.09.16"]
[EventType "team"]
[EventRounds "11"]
[EventCountry "ENG"]
[WhiteTeam "Brown Jack"]
[BlackTeam "S W Dragons 2"]

1. e4 c5 2. Nf3 d6 3. Bb5+ Bd7 4. Bxd7+ Qxd7 5. O-O Nc6 6. Re1 g6 7. c3 Bg7 8.
d4 b6 9. d5 Ne5 10. Nxe5 dxe5 11. f4 exf4 12. e5 O-O-O 13. c4 g5 14. Nc3 Nh6
15. Qb3 Ng4 16. a4 Bxe5 17. Ne2 e6 18. Rd1 exd5 19. Rxd5 Qe7 20. Bd2 Rxd5 21.
cxd5 Re8 22. h3 Nf6 23. Re1 Qd6 24. a5 Qxd5 25. Qc2 Ne4 26. Nc3 Qxd2 0-1

[Event "4NCL/Div3/SWD2 vs. BRJ"]
[Site "Sunningdale ENG"]
[Date "2006.09.16"]
[Round "1.7"]
[White "Bennion, David A"]
[Black "Cabero, Pablo Padilla"]
[Result "1/2-1/2"]
[WhiteElo "2096"]
[BlackElo "2085"]
[PlyCount "49"]
[EventDate "2006.09.16"]
[EventType "team"]
[EventRounds "11"]
[EventCountry "ENG"]
[WhiteTeam "S W Dragons 2"]
[BlackTeam "Brown Jack"]

1. e4 Nf6 2. e5 Nd5 3. d4 c5 4. c4 Nb4 5. d5 d6 6. f4 Bf5 7. Na3 dxe5 8. fxe5
e6 9. Qa4+ Nd7 10. Nf3 exd5 11. cxd5 Nxd5 12. Be2 Be7 13. O-O O-O 14. Ng5 Bxg5
15. Rxf5 Be3+ 16. Bxe3 Nxe3 17. Rf3 Qg5 18. Rg3 Qxe5 19. Qxd7 Nf5 20. Rh3 Rad8
21. Qb5 Nd4 22. Bd3 Nxb5 23. Bxh7+ Kh8 24. Bf5+ Kg8 25. Bh7+ 1/2-1/2

[Event "4NCL/Div3/SWD2 vs. BRJ"]
[Site "Sunningdale ENG"]
[Date "2006.09.16"]
[Round "1.8"]
[White "Thomas, Nicola D"]
[Black "Blackburn, Suzie"]
[Result "1/2-1/2"]
[WhiteElo "1910"]
[BlackElo "1855"]
[PlyCount "96"]
[EventDate "2006.09.16"]
[EventType "team"]
[EventRounds "11"]
[EventCountry "ENG"]
[WhiteTeam "Brown Jack"]
[BlackTeam "S W Dragons 2"]

1. e4 e6 2. d4 d5 3. e5 c5 4. c3 Nc6 5. f4 Qb6 6. Nf3 cxd4 7. cxd4 Nge7 8. Na3
Nf5 9. Nc2 Nb4 10. Nxb4 Bxb4+ 11. Kf2 Bd7 12. g4 Nh6 13. h3 O-O-O 14. Be3 Kb8
15. Bd3 Rc8 16. Qe2 f5 17. exf6 gxf6 18. f5 Nf7 19. fxe6 Bxe6 20. Bf4+ Ka8 21.
a3 Bf8 22. Rac1 Bh6 23. Bxh6 Nxh6 24. Rc2 Rxc2 25. Qxc2 Rc8 26. Qd2 Nf7 27.
Bxh7 Rh8 28. Bg6 Nd6 29. Kg3 f5 30. Kg2 fxg4 31. hxg4 Rxh1 32. Kxh1 Bxg4 33.
Ne5 Bf5 34. Bxf5 Nxf5 35. Qg5 Qh6+ 36. Qxh6 Nxh6 37. Kg2 Nf5 38. Nf3 Ne3+ 39.
Kg3 Nc4 40. Kf4 Nxb2 41. Ke5 Nc4+ 42. Kxd5 Nxa3 43. Kc5 Kb8 44. Ng5 Kc7 45.
Ne6+ Kd7 46. Nf8+ Ke7 47. Ng6+ Ke6 48. d5+ Kd7 1/2-1/2

[Event "4NCL/Div3/GUI4 vs. SWD2"]
[Site "Sunningdale ENG"]
[Date "2006.09.17"]
[Round "2.1"]
[White "Punnett, Alan K"]
[Black "Spice, Alan"]
[Result "1-0"]
[WhiteElo "2107"]
[BlackElo "2205"]
[PlyCount "179"]
[EventDate "2006.09.17"]
[EventType "team"]
[EventRounds "11"]
[EventCountry "ENG"]
[WhiteTeam "Guildford-ADC 4"]
[BlackTeam "S W Dragons 2"]

1. d4 d5 2. Nf3 c6 3. g3 Bf5 4. Bg2 Nd7 5. O-O Ngf6 6. a4 e6 7. b3 Bd6 8. Ba3
Bxa3 9. Nxa3 O-O 10. Nh4 Bg6 11. Nxg6 hxg6 12. b4 Qe7 13. b5 Qb4 14. bxc6 bxc6
15. c4 Nb6 16. cxd5 cxd5 17. Nc2 Qd6 18. Ne3 Rfc8 19. Qd3 Rc7 20. a5 Nc4 21.
Nxc4 Rxc4 22. Rfc1 Rac8 23. Rxc4 Rxc4 24. e4 Qc6 25. exd5 Rc1+ 26. Rxc1 Qxc1+
27. Qf1 Qxf1+ 28. Kxf1 exd5 29. Ke2 Kf8 30. Kd3 Ke7 31. Kc3 Kd6 32. f3 Ne8 33.
Bf1 Kc6 34. Bd3 g5 35. Kb4 Nc7 36. Bc2 Ne6 37. Ba4+ Kd6 38. Kc3 f5 39. Bc2 f4
40. Bf5 Nd8 41. Bd3 Nc6 42. a6 Kc7 43. Bg6 Kb6 44. Bf7 Ne7 45. Kb4 Kc6 46. Be8+
Kd6 47. g4 Nc8 48. Bb5 Nb6 49. Bd3 Na8 50. Ka5 Nc7 51. Bf5 Kc6 52. Bc8 g6 53.
Bb7+ Kd6 54. Kb4 Ne6 55. Kc3 Nd8 56. Ba8 Nc6 57. Bb7 Na5 58. Bc8 Nc4 59. Kd3
Ne3 60. Ke2 Kc6 61. Be6 Kb5 62. Bf7 Kc4 63. Bxg6 Kxd4 64. Bd3 Nc4 65. Bh7 Na5
66. Bg8 Nb3 67. Be6 Nc5 68. Bc8 Ke5 69. Kd2 d4 70. Bb7 Kd6 71. Bc8 Kd5 72. Bb7+
Kc4 73. Bc8 d3 74. h4 gxh4 75. g5 Kd5 76. g6 Ne6 77. Kxd3 Ke5 78. Bxe6 Kxe6 79.
Ke2 Kf6 80. Kf2 Kxg6 81. Kg2 Kf5 82. Kh3 Ke5 83. Kxh4 Kd4 84. Kg5 Ke5 85. Kg4
Ke6 86. Kxf4 Kf6 87. Ke4 Ke6 88. f4 Kd6 89. Kf5 Ke7 90. Ke5 1-0

[Event "4NCL/Div3/GUI4 vs. SWD2"]
[Site "Sunningdale ENG"]
[Date "2006.09.17"]
[Round "2.2"]
[White "Morris, Charles F"]
[Black "Hill, David F"]
[Result "0-1"]
[WhiteElo "2214"]
[BlackElo "2044"]
[PlyCount "86"]
[EventDate "2006.09.17"]
[EventType "team"]
[EventRounds "11"]
[EventCountry "ENG"]
[WhiteTeam "S W Dragons 2"]
[BlackTeam "Guildford-ADC 4"]

1. Nf3 d6 2. d4 Nf6 3. g3 g6 4. Bg2 Bg7 5. c4 O-O 6. Nc3 Nc6 7. d5 Na5 8. Nd2
c5 9. Qc2 a6 10. b3 Rb8 11. Bb2 b5 12. O-O h5 13. Rae1 bxc4 14. bxc4 h4 15.
Ncb1 hxg3 16. hxg3 Bf5 17. e4 Nxe4 18. Bxg7 Nxd2 19. Qxd2 Kxg7 20. Qc3+ Kg8 21.
Nd2 Re8 22. Be4 Bh3 23. Bg2 Bf5 24. Be4 Bh3 25. Kh2 Bxf1 26. Rxf1 f5 27. Bf3
Kf7 28. Kg2 Rh8 29. Re1 Nb7 30. Qe3 Qd7 31. g4 Rbg8 32. Bd1 Nd8 33. Ba4 Qb7 34.
Nf3 Rg7 35. Ng5+ Kf8 36. f3 Qb2+ 37. Re2 Qa1 38. Kg3 Qh1 39. Qd2 Qh4+ 40. Kf4
fxg4 41. fxg4 Rh5 42. Ne6+ Nxe6+ 43. dxe6 Rf5+ 0-1

[Event "4NCL/Div3/GUI4 vs. SWD2"]
[Site "Sunningdale ENG"]
[Date "2006.09.17"]
[Round "2.3"]
[White "Smart, Michael R"]
[Black "Brown, Alan M"]
[Result "0-1"]
[WhiteElo "1990"]
[BlackElo "2118"]
[PlyCount "56"]
[EventDate "2006.09.17"]
[EventType "team"]
[EventRounds "11"]
[EventCountry "ENG"]
[WhiteTeam "Guildford-ADC 4"]
[BlackTeam "S W Dragons 2"]

1. e4 e6 2. d4 d5 3. Nd2 Nf6 4. e5 Nfd7 5. Bd3 b6 6. Qe2 c5 7. c3 Nc6 8. Ndf3
cxd4 9. Nh3 dxc3 10. bxc3 Qc7 11. Bf4 Nb4 12. cxb4 Qc3+ 13. Nd2 Qxa1+ 14. Bb1
Bxb4 15. O-O Qb2 16. Ng5 Nxe5 17. Bxe5 Qxd2 18. Qh5 g6 19. Qg4 h5 20. Qg3 h4
21. Qb3 Qxg5 22. Bxh8 Bc5 23. Qf3 Ba6 24. Re1 Rc8 25. Bf6 Qd2 26. Bc3 Bxf2+ 27.
Kh1 Rxc3 28. Rxe6+ Kf8 0-1

[Event "4NCL/Div3/GUI4 vs. SWD2"]
[Site "Sunningdale ENG"]
[Date "2006.09.17"]
[Round "2.4"]
[White "Roberts, David L"]
[Black "Deswarte, Ian"]
[Result "1-0"]
[WhiteElo "2126"]
[BlackElo "1920"]
[PlyCount "81"]
[EventDate "2006.09.17"]
[EventType "team"]
[EventRounds "11"]
[EventCountry "ENG"]
[WhiteTeam "S W Dragons 2"]
[BlackTeam "Guildford-ADC 4"]

1. e4 c5 2. Nf3 Nc6 3. d4 cxd4 4. Nxd4 Nf6 5. Nc3 e5 6. Ndb5 d6 7. Nd5 Nxd5 8.
exd5 Nb8 9. c4 a6 10. Nc3 Be7 11. Be2 O-O 12. O-O f5 13. f3 Nd7 14. Kh1 Re8 15.
Be3 Bg5 16. Bf2 b6 17. b4 Bb7 18. Rb1 Rb8 19. Na4 Qc7 20. Qb3 Ba8 21. Rfd1 Kh8
22. Qa3 Nf6 23. Nc3 a5 24. bxa5 bxa5 25. Nb5 Qd7 26. Qxd6 Qf7 27. Qc7 Qh5 28.
Nd6 Rxb1 29. Rxb1 Bf4 30. Bg1 Qh4 31. Qxg7+ Kxg7 32. Nxf5+ Kf7 33. Nxh4 e4 34.
Nf5 Kg6 35. Nd4 Nh5 36. fxe4 Re5 37. Rb6+ Kf7 38. Bxh5+ Rxh5 39. Ra6 Re5 40.
Rxa8 Rxe4 41. Rxa5 1-0